000 02785nam a2200397 a 4500
001 000032436
003 DO-SdBNP
005 20150708132234.0
007 000032436
008 150130s2014 dr ac 000 0 spa d
020 _a9789945118841 (v. 1)
020 _a9789945118858 (v. 2)
020 _a9789945118865 (v. 3)
040 _aBPMSU
_bspa
_cBPMSU
100 1 _aMolina Moloon, Andrés
245 1 0 _aMatemáticas :
_beducación primaria /
_cAndrés Molina Moloon ; dirección editorial Claudia Llibre ; ilustraciones Ruddy Núñez.
260 _aSanto Domingo :
_bSantillana,
_c2014.
300 _a8 v :
_bil., retrs., + CD Room ;
_c28 cm.
490 1 _aProyecto todos juntos
500 _aLa biblioteca solamente posee los libros 1, 2 y 3 y la guia del volumen 3.
500 _aIncluye guía didáctica, recursos didácticos para el profesorado
500 _aCada número incluye CD
505 0 _gv. 1 :
_gEvaluación diagnóstica --
_tEn el recreo --
_tDe paseo al acuario --
_tMi rincón favorito --
_tAvioncitos en el aire --
_gProyecto 1: mi agenda semanal --
_tEn la fila --
_tEn la tienda de mascotas --
_tEl carnaval del colegio --
_tDe fin de semana --
_gProyecto 2: con papel y tijeras --
_tUn patrimonio de todos --
_tEl cumpleaños de Sara --
_tLos gupis de Mario --
_tEl colmado de Tomás --
_tEn la heladería --
_gProyecto 3: construcciones de cuerpos geométricos --
505 0 _gv. 2 :
_gEvaluación diagnóstica --
_tMi nuevo curso --
_tCuido la naturaleza --
_tUn largo fin de semana --
_gProyecto 1: ¿qué hacemos a favor de una ciudad sana? --
_tEn el huerto escolar --
_tUna tarde deliciosa --
_tUn día para jugar --
_tPasear por la ciudad --
_t¡Cómo estoy creciendo!
_gProyecto 2: construcción de un metro de cartulina --
_tComienza un nuevo día --
_tEn la kermese --
_tEn la juguetería --
_t¡Llegan las vacaciones! --
_gProyecto 3: ¡hagamos un portalápices! --
505 0 _gv. 3 :
_gEvaluación diagnóstica --
_tLas unidades de millar --
_tAdición y sustración --
_tMultiplicación --
_tDivisión --
_gProyecto 1: cuentos matemáticos --
_tDecenas de millar --
_tFracciones --
_tUnidades de longitud --
_tÁrea --
_gProyecto 2: construcción de un geoplano --
_tÁngulos --
_tFiguras y cuerpos geométricos --
_tMedidas --
_tRecolección y análisis de datos --
_gProyecto 3: Matemáticas en la prensa --
700 1 _aLlibre, Claudia
_eed.
700 1 _aNúñez, Ruddy
_eil.
830 0 _aProyecto todos juntos
930 1 _lBND01
_mLF1
_820110718
_f01
_pHD
_g27780
_hv. 1
930 1 _lBND01
_mLF1
_820110726
_f01
_pHD
_g27780
_hv. 2
930 1 _lBND01
_mLF1
_820110726
_f04
_pHD
_g27780
_hv. 3
930 1 _lBND01
_mLF1
_820110726
_f04
_pHD
_g27780
_hv. 3, guía
942 _2ddc
_cBK
956 _aYLOCKWARD
_b10
_c20150702
_lBND01
_h1429
956 _aVmateo
_b10
_c20150708
_lBPMSU
_h00151
999 _c7949
_d7949